=LDR 00000nam 2200000 4500 =001 INLIS000000000043960 =005 20210428100638 =035 ##$$a 0010-101300000001882 =008 210428################g##########0#ind## =082 ##$$a 338.479 1 =090 ##$$a 338.479 1, Fos a =100 1#$$a Foster, Dennis L =245 1#$$a An Introduction to Travel dan tourism /$c Dennis L.Foster =260 ##$$a Jakarta :$b Rajagrfindo Persada,$c 2000 =300 ##$$a xxii, 536 hlm : $b ilus ; $c 24 x 15 cm =650 #4$$a Pariwisata Industri =850 ##$$a NBPNMAT =020 ##$$a 979-421-760-9 =084 ##$$a 338.479 1 FOS a =250 ##$$a ed.1 =700 #$$a Penerjemah Tribudi Sastrio =990 ##$$a 20612041